STN EN 60335-2-23: 2004 (36 1055), Elektrické spotrebiče pre domácnosť a na podobné účely. Bezpečnosť Časť 2-23 Osobitné požiadavky na spotrebiče na ošetrovanie pokožky alebo vlasov

Norma je slovenskou verziou EN 60335-2-23: 2003

Bibliographic Details
Other Authors: Božoňová, Iveta (Translator)
Format: Book
Language:Slovak
English
PhysicalDescription:18 strán obrázky 30 cm
Published: Bratislava Slovenský ústav technickej normalizácie 2004
Subjects:

MARC

LEADER 00000cam a2200000 a 4500
001 vtls009926936
003 SK-MaSNL
005 20260301212318.0
008 090726s2004 xo a fru 000 0 slo
035 |a (SVKBBclas03)vtls000205444 
040 |a SNK  |b slo  |c SNK  |e AACR2 
041 1 |a slo  |h eng 
044 |a xo  |c SK 
046 |a m  |m 20040601 (účin.)  |m 20260301 (zruš.) 
080 |a 687.53  |2 2001 
080 |a 006.7/.8  |2 2001 
080 |a (437.6)  |2 2001 
080 |a (4)  |2 2001 
084 |a 13.120  |2 ICS 
084 |a 97.170  |2 ICS 
130 0 |a STN 36 1055 (STN EN 60335-2-24)  |9 597639 
245 1 0 |a STN EN 60335-2-23: 2004 (36 1055), Elektrické spotrebiče pre domácnosť a na podobné účely. Bezpečnosť  |n Časť 2-23  |p Osobitné požiadavky na spotrebiče na ošetrovanie pokožky alebo vlasov 
246 1 0 |a Elektrické spotrebiče pre domácnosť a na podobné účely 
246 1 0 |a Bezpečnosť 
246 1 0 |a Osobitné požiadavky na spotrebiče na ošetrovanie pokožky alebo vlasov 
246 3 0 |a EN 60335-2-23: 2003 
246 3 0 |a IEC 60335-2-23: 2003 
260 |a Bratislava  |b Slovenský ústav technickej normalizácie  |c 2004 
300 |a 18 strán  |b obrázky  |c 30 cm 
500 |a Táto norma od 1.6.2004 nahrádza STN EN 60335-2-23 zo septembra 2001 a STN 36 1050-2-23 z 26.11.1990 v celom rozsahu. STN EN 60335-2-23 zo septembra 2001 je možné súbežne používať do 1.5.2006 
500 |a Spracovateľ: Iveta Božoňová 
500 |a Norma je nahradená anglickou verziou normy STN EN IEC 60335-2-23 z augusta 2023, ktorú nahradila slovenská verzia normy STN EN IEC 60335-2-24 zo septembra 2024 v celom rozsahu. Táto norma z júna 2004 sa môže súbežne s normou STN EN IEC 60335-2-23 zo septembra 2024 používať do 1.3.2026 
520 8 |a Norma je slovenskou verziou EN 60335-2-23: 2003 
540 |a STN vydané na akomkoľvek nosiči sa môžu rozmnožovať a rozširovať iba so súhlasom určenej právnickej osoby  |b SÚTN Bratislava  |c zákon 264/1999 Z. z. 
650 0 7 |a elektrické spotrebiče pre domácnosť  |2 SVKBBPH  |9 303606 
650 0 7 |a starostlivosť o pleť  |2 SVKBBPH  |9 51117 
650 0 7 |a starostlivosť o vlasy  |2 SVKBBPH  |9 51429 
650 0 7 |a technické normy a štandardy  |z Slovensko  |2 SVKBBPH  |9 79594 
650 0 7 |a technické normy a štandardy  |z krajiny Európskej únie  |2 SVKBBPH  |9 289341 
655 7 |a normy  |2 SVKBBPH  |9 70643 
700 1 |a Božoňová, Iveta  |4 trl  |9 299308 
730 |a STN 36 1050-2-23: 1990  |g neplatná od 1.6.2004  |9 597640 
774 1 8 |t STN EN 60335-2-23/A1: 2009  |d Bratislava : Slovenský ústav technickej normalizácie, 2009  |w vtls 009472326 
774 1 8 |t STN EN 60335-2-23/A2: 2015  |d Bratislava : Úrad pre normalizáciu, metrológiu a skúšobníctvo SR, 2015  |w vtls 011134694 
774 1 8 |t STN EN 60335-2-23/A11: 2011  |d Bratislava : Slovenský ústav technickej normalizácie, 2011  |w vtls010277173 
774 1 8 |t STN EN 60335-2-23/A1: 2009  |d Bratislava : Slovenský ústav technickej normalizácie, 2009  |w vtls 009837138 
991 |g DL 12000576  |h 3.6.2004 
999 |c 917826  |d 919756 
952 |t P60, <03>, [BOOK], {603}  |a SNK  |b SNK  |y PREZ  |7 0  |p 17A0429254  |o snkSTN EN 60335-2-23  |i snkN 2535/2004  |0 0  |1 0  |4 0  |d 2004-06-17  |l 0  |r 2005-01-02 00:00:00  |w 2026-02-24 
952 |t P66, <07>, [BOOK], {667}  |a SNK  |b SNK  |y PREZ  |7 0  |p 17A0429253  |o snkSTN EN 60335-2-23 D1  |i snkN 2536/2004  |0 0  |1 0  |4 0  |d 2004-06-17  |l 0  |r 2005-01-02 00:00:00  |w 2026-02-24